000 00640nam a2200193Ia 4500
005 20250508151229.0
008 008 250505s9999 xx 000 0 eng d
037 _aBooks to be hide in OPAC
040 _aFEDL
_beng
_cFEDL
041 _aeng
_2eng
084 _a373, IND
_qFEDL
245 0 _aReport of the committee of the central advisory board of education on secondary schools examination council for India
245 0 _cIndia. Education, (Bureau of ...)
260 _aDelhi, India
_bManager of Publications
_c1947
300 _a14p
546 _aPamphlet No. 42
942 _cHB
_h373, IND
999 _c1328386
_d1328386